Minecraft - Naturally Generating or Not? - Statistics

General Stats
  • This quiz has been taken 72 times
  • The average score is 12 of 16
Answer Stats
Question Answer % Correct
Shulker Box False
100%
Flower Pot True
100%
Bed True
100%
Honey Block False
90%
Jukebox False
90%
Cobblestone True
90%
Powered Rail False
85%
Cake False
85%
Ender Chest True
85%
Redstone Torch True
70%
Pig Spawner True
65%
Item Frame True
60%
Hopper False
55%
Piston False
45%
Block of Lapis Lazuli True
45%
Sign with Text True
35%
No matching quizzes found
Score Distribution
Percent of People with Each Score
Percentile by Number Answered
Your Score History
You have not taken this quiz